| 000 | 01058cam a2200289 a 4500 | ||
|---|---|---|---|
| 999 |
_c128369 _d128369 |
||
| 001 | 922330 | ||
| 003 | ARRUPE | ||
| 005 | 20181012095801.0 | ||
| 008 | 820813s1982 sz b 000 0 eng | ||
| 010 | _a 82151815 | ||
| 020 | _a2825406961 (pbk.) | ||
| 040 |
_aDLC _cDLC _dDLC _dOCoLC |
||
| 043 | _af-sa--- | ||
| 050 | 0 | 0 |
_aDT763 _b.S464 1982 |
| 082 | 0 | 0 |
_a327.68 _219 |
| 100 | 1 |
_aSjollema, Baldwin. _942880 |
|
| 245 | 1 | 0 |
_aIsolating apartheid : _bwestern collaboration with South Africa : policy decisions by the World Council of Churches and church responses / _cBaldwin Sjollema. |
| 260 |
_aGeneva : _bWorld Council of Churches, _cc1982. |
||
| 300 |
_av, 136 p. ; _c22 cm. |
||
| 504 | _aIncludes bibliographical references. | ||
| 610 | 2 | 0 |
_aWorld Council of Churches. _942881 |
| 650 | 0 |
_aRace relations _xReligious aspects. _939560 |
|
| 651 | 0 |
_aSouth Africa _xRace relations. _942882 |
|
| 651 | 0 |
_aSouth Africa _xRelations. _942883 |
|
| 651 | 0 |
_aSouth Africa _xEconomic conditions _y1961- _942884 |
|
| 906 |
_a7 _bcbc _corignew _d2 _encip _f19 _gy-gencatlg |
||
| 942 |
_2lcc _cMONOGRAPH |
||